| 000 | 00941cab a2200253 4500 | ||
|---|---|---|---|
| 001 | WB3016-66 | ||
| 008 | 090401t1994 xxu||||| |||| 00| 0 eng d | ||
| 035 | _a(Sirsi) u37294 | ||
| 041 | _aeng | ||
| 245 | _aSet back to quota claims | ||
| 260 | _c1994 | ||
| 350 | _a0 | ||
| 490 |
_aHerald _v26 April 1994, 22(1) |
||
| 520 | _aA ruling by the European Court of Justice has effectively killed a potential backlog of claims against British landowners totalling £25m. The case revolves around compensation for milk quota which reverts to a landowner on expiry of a tenancy and how that effects farmers who retired before the 1986 legislation. | ||
| 650 | _aPROPERTY-LANDLORD AND TENANT-TENANCIES-AGRICULTURAL TENANCIES | ||
| 650 | _aAGRICULTURE ACT 1986 | ||
| 650 | _aBOSTOCK | ||
| 650 | _aCOMPENSATION | ||
| 650 | _aEXPIRY OF TENANCY | ||
| 650 | _aMILK QUOTA | ||
| 690 | _aRURAL PRACTICE | ||
| 942 | _n0 | ||
| 948 | _c04/03/1997 | ||
| 999 |
_c24127 _d24127 |
||